000
00343pab a2200145 454500
008
180718b2006 xxu||||| |||| 00| 0 eng d
100
_a
Iqbal, Badar Alam
245
_a
Agro-industries: key to economic progress
260
_c
2006
300
_a
p.4-7.
362
_a
Fall
650
_a
Agroindustry
773
_a
Kurukshetra
909
_a
68848
999
_c
68848
_d
68848